000 00506nam a22001817a 4500
999 _c40690
_d40690
003 OSt
005 20200606120115.0
008 191029b ||||| |||| 00| 0 eng d
020 _a978173095719
040 _cMESKC library
082 _a891.43
_bINS/D
100 _aInsha,Ebne
_991
245 _aDarwaja Khula Rakhana/
_cEbne Insha
250 _a1st ed.
260 _aNew Delhi:
_bSasta Sahitya Mandal,
_c2011
300 _a219p
942 _2ddc
_cBK
_h891.43
_iINS/D
_k891.43
_mINS/D